| 000 | 00620nam a22002177a 4500 | ||
|---|---|---|---|
| 003 | OSt | ||
| 005 | 20220107122834.0 | ||
| 008 | 171006b xxu||||| |||| 00| 0 eng d | ||
| 020 | _a9780306442056 | ||
| 040 | _cIIITMK | ||
| 082 | _a591.59 MCG/P | ||
| 100 |
_aMcgregor, Peter K _913152 |
||
| 245 | _aPlayback and studies of animal communication | ||
| 260 |
_aNew York, _bPlenum Press, _c1992. |
||
| 300 | _ax, 231p. | ||
| 440 |
_aNato ASI series A: Life sciences vol: 228 _913153 |
||
| 650 |
_aANIMAL COMMUNICATION _913154 |
||
| 650 |
_aPSEUDOREPLICATION DEBATE _913155 |
||
| 650 |
_aSIGNALS _913156 |
||
| 942 |
_2ddc _cBK |
||
| 999 |
_c5885 _d5885 |
||